00365 a2200097 4500001001000000005001700010008004100027245012400068100002400192773005100216ART_1848220260410161702.0260409a 10aLa UIF reformuló y modificó disposiciones e incorporó nuevos sujetos obligados a reportar operaciones sospechosas1 aFerraro, Ricardo H.0 tRevista Impuestosg- Nº 3 (mar. 2012)wREV639